| 000 | 00584nam a2200181 4500 | ||
|---|---|---|---|
| 999 |
_c163978 _d163978 |
||
| 005 | 20190508154410.0 | ||
| 010 | _aENG-125136 | ||
| 020 |
_a9789380200767 _c399.00 |
||
| 035 | _aEN-108668 | ||
| 037 | _bDBAD/PUB | ||
| 082 | _a332.024 | ||
| 100 | _aChabria, Yogesh | ||
| 245 |
_aThe happionaire's way to create wealth in a crash , slowdown or recession/ _cby Yogesh Chabria |
||
| 260 |
_aNew Delhi _bNetwork 18 Publication |
||
| 270 |
_a507, Prabhat Kiran, 17, Rajendra Place _bNew Delhi _e110008 |
||
| 300 |
_a275p. _c21cm(Hb) |
||
| 942 |
_2ddc _cEN _h332.024 _mCHA |
||